| 000 | 01406nam a2200301 u 4500 | ||
|---|---|---|---|
| 005 | 20221126064847.0 | ||
| 008 | 190703s2001 mx r 000 0 spa d | ||
| 035 | _aUPN01000231691 | ||
| 040 |
_aMX-MxUPN _bspa _cMX-MxUPN |
||
| 050 | 4 |
_aB2430 D484 _bA5 2001 |
|
| 100 | 1 |
_aDerrida, Jacques, _d1930-2004 _930374 |
|
| 245 | 1 | 0 |
_aPalabras de agradecimiento Premio Adorno / _cJacques Derrida ; seguido de agradecimiento epistolar por unas palabras de agradecimiento / Irving Wohlfarth. |
| 246 | 3 | 0 | _aPalabras de agradecimiento Premio Adorno ; Agradecimiento epistolar por unas palabras de agradecimiento |
| 250 | _aPrimera edición | ||
| 260 |
_aMéxico : _bUniversidad Nacional Autónoma de México, Instituto de Investigaciones Filológicas, _c2001. |
||
| 300 | _a55 páginas | ||
| 490 |
_aEjercicios de memoria ; _v1 |
||
| 500 | _a"Lecciones de extranjería". Responsables: Esther Cohen y Ana María Martínez de la Escalera"--Reverso de la portada | ||
| 508 | _aDocumento elaborado en el Programa de Apoyo a Proyectos de Investigación e Innovación Tecnológica (PAPIIT No. IN408399) | ||
| 600 | 1 | 2 |
_aDerrida, Jacques, _d1930-2004 _930374 |
| 650 | 0 |
_947371 _aFilosofía _xPremios _zAlemania |
|
| 650 | 0 |
_947372 _aPresentación de premios _zAlemania |
|
| 700 | 1 |
_aWohlfarth, Irving _947373 |
|
| 902 | _aNoemiAcosta/161122 | ||
| 905 | _aFolleto | ||
| 942 |
_n0 _cFOLL _2lcc |
||
| 999 |
_c203786 _d203786 |
||